Normal view
MARC view
- ORGANIZATIONAL EFFECTIVENESS. INDUSTRIAL EFFICIENCY.LEADERSHIP. TOYOTA.TOYOTA KAIZEN METHODS
Entry Topical Term
001 - CONTROL NUMBER
- control field: 63188
003 - CONTROL NUMBER IDENTIFIER
- control field: NUST
005 - DATE AND TIME OF LATEST TRANSACTION
- control field: 20210628203057.0
008 - FIXED-LENGTH DATA ELEMENTS
- fixed length control field: 210628|| aca||aabn | a|a d
040 ## - CATALOGING SOURCE
- Original cataloging agency: NUST
- Transcribing agency: NUST
150 ## - HEADING--TOPICAL TERM
- Topical term or geographic name entry element: ORGANIZATIONAL EFFECTIVENESS. INDUSTRIAL EFFICIENCY.LEADERSHIP. TOYOTA.TOYOTA KAIZEN METHODS
670 ## - SOURCE DATA FOUND
- Source citation: Work cat.: (NUST): Kato, Isao , Kato, Isao 63187, Toyota kaizen methods , six steps to improvement, 2011
